[Event "Mondiale Semilampo FIDE 2024"]
[Site "New York"]
[Date "26.12.2024"]
[Round "3.20"]
[White "Lomasov, Semyon"]
[Black "Mamedyarov, Shakhriyar"]
[Result "0-1"]
[WhiteTitle "GM"]
[BlackTitle "GM"]
[WhiteElo "2559"]
[BlackElo "2738"]
[WhiteFideId "24164879"]
[BlackFideId "13401319"]
[EventDate "26.12.2024"]

1. e4 e5 2. Nf3 Nc6 3. Bc4 Nf6 4. d3 d5 5. exd5 Nxd5 6. O-O Bc5 7. Re1 O-O 8.
Nbd2 Nf6 9. h3 h6 10. c3 Re8 11. Ne4 Bb6 12. a4 a6 13. Qc2 Nxe4 14. dxe4 Qf6 15.
Kh2 Ne7 16. Be3 Ng6 17. Bxb6 Qxb6 18. Rad1 Nf4 19. Ng1 Qc6 20. Qb3 Be6 21. Bxe6
Nxe6 22. Qc2 Rad8 23. Nf3 f6 24. b4 Kh7 25. a5 Qc4 26. Nd2 Qc6 27. Nf1 Nd4 28.
Qd3 Nb5 29. Qxd8 Rxd8 30. Rxd8 Nd6 31. Ng3 Qxc3 32. Re3 Qc2 33. Rd7 Qc6 34. Re7
Nc8 35. Nf5 Nxe7 36. Nxe7 Qd6 0-1

[Event "Mondiale Semilampo FIDE 2024"]
[Site "New York"]
[Date "26.12.2024"]
[Round "3.22"]
[White "Vokhidov, Shamsiddin"]
[Black "Onischuk, Alexander"]
[Result "1/2-1/2"]
[WhiteTitle "GM"]
[BlackTitle "GM"]
[WhiteElo "2681"]
[BlackElo "2640"]
[WhiteFideId "14204223"]
[BlackFideId "14101025"]
[EventDate "26.12.2024"]

1. e4 e5 2. Nf3 Nc6 3. Bc4 Nf6 4. d3 Bc5 5. c3 d6 6. Bg5 h6 7. Bh4 Bb6 8. Nbd2
Qe7 9. a4 a5 10. Bb5 Bd7 11. Nc4 Ba7 12. O-O g5 13. Bg3 Nh5 14. d4 Nxg3 15. hxg3
g4 16. Nh4 exd4 17. Nf5 Bxf5 18. exf5 O-O 19. Qxg4+ Qg5 20. Qf3 Ne7 21. Rfe1 c6
22. Nxd6 cxb5 23. Ne4 Qxf5 24. Nf6+ Kg7 25. Nh5+ Kh8 26. Rxe7 Qxf3 27. gxf3 dxc3
28. bxc3 b4 29. cxb4 axb4 30. Rxb7 Bd4 31. Rd1 Bc3 32. Nf4 Rab8 33. Rdd7 b3 34.
Rxf7 Rfe8 35. Rfc7 b2 36. Ng6+ Kg8 37. Ne7+ Kf8 38. Ng6+ Kg8 39. Ne7+ Kf8 40.
Ng6+ Kg8 1/2-1/2

[Event "Mondiale Semilampo FIDE 2024"]
[Site "New York"]
[Date "26.12.2024"]
[Round "3.23"]
[White "Durarbayli, Vasif"]
[Black "Oparin, Grigoriy"]
[Result "1-0"]
[WhiteTitle "GM"]
[BlackTitle "GM"]
[WhiteElo "2622"]
[BlackElo "2653"]
[WhiteFideId "13402935"]
[BlackFideId "24125890"]
[EventDate "26.12.2024"]

1. e4 e5 2. Nf3 Nc6 3. d4 exd4 4. Nxd4 Nf6 5. Nxc6 bxc6 6. e5 Qe7 7. Qe2 Nd5 8.
h4 Qe6 9. Nd2 d6 10. exd6 Bxd6 11. Nc4 Bc5 12. a3 O-O 13. Qxe6 Bxe6 14. Bd3 Rfe8
15. O-O a5 16. Rb1 a4 17. Re1 Nb6 18. Be3 Bxe3 19. Nxe3 g6 20. g3 f5 21. Kg2 Kf7
22. Re2 Kf6 23. Rbe1 Bf7 24. g4 Nd5 25. g5+ Kg7 26. Nxd5 Bxd5+ 27. Kg3 Rxe2 28.
Rxe2 Kf7 29. h5 Rb8 30. c3 c5 31. h6 c4 32. Bb1 Be6 33. Rd2 Ke7 34. Kf4 Rb5 35.
Ba2 Rb6 36. Re2 Kf7 37. f3 Rb8 38. Rd2 Ke7 39. Re2 Kd6 40. Bb1 Bd5 41. Rd2 c6
42. Re2 Be6 43. Ba2 Bd5 44. Rd2 Ke6 45. Rd4 Rxb2 46. Bxc4 Rc2 47. Bxd5+ cxd5 48.
Rxa4 Rxc3 49. Ra6+ Kf7 50. Ke5 Re3+ 51. Kxd5 Rxf3 52. Ra7+ Kg8 53. a4 Rd3+ 54.
Ke5 Re3+ 55. Kf4 Re4+ 56. Kf3 Rb4 57. a5 Ra4 58. a6 Kf8 59. Ra8+ Ke7 60. a7 Ra3+
61. Ke2 Ra2+ 62. Kd3 Ra3+ 63. Kd2 Ra2+ 64. Kc3 f4 65. Rh8 Ke6 66. a8=Q 1-0

[Event "Mondiale Semilampo FIDE 2024"]
[Site "New York"]
[Date "26.12.2024"]
[Round "3.24"]
[White "Kobalia, Mikhail"]
[Black "Sarana, Alexey"]
[Result "1/2-1/2"]
[WhiteTitle "GM"]
[BlackTitle "GM"]
[WhiteElo "2543"]
[BlackElo "2674"]
[WhiteFideId "4119150"]
[BlackFideId "24133795"]
[EventDate "26.12.2024"]

1. e4 c5 2. Nf3 d6 3. Bb5+ Bd7 4. Bxd7+ Qxd7 5. O-O Nc6 6. Qe2 e6 7. Rd1 Be7 8.
d4 cxd4 9. Nxd4 Nf6 10. c4 Nxd4 11. Rxd4 Qc6 12. Nc3 O-O 13. b3 a6 14. Bb2 Rfc8
15. h3 Rab8 16. Rc1 Qc5 17. Rd2 Qh5 18. Ba3 Qxe2 19. Rxe2 b5 20. e5 b4 21. exf6
Bxf6 22. Bxb4 Rxb4 23. Ne4 Be7 24. Rd1 Rc6 25. Red2 d5 26. cxd5 exd5 27. Ng3 d4
28. Rxd4 Rxd4 29. Rxd4 Rc1+ 30. Kh2 Rc2 31. Re4 Kf8 32. Re2 Rc1 33. Nf5 Bc5 34.
g3 g6 35. Nh4 a5 36. Nf3 Kg7 37. Kg2 a4 38. bxa4 Rc4 39. a5 Ra4 40. Re5 Bf8 41.
Rb5 Rxa2 42. Ne5 Bd6 43. Rd5 Bc7 44. Nxf7 Kxf7 45. Rd7+ Kg8 46. Rxc7 Rxa5 47.
Kf3 Rf5+ 48. Ke3 Re5+ 49. Kd3 Re1 50. h4 h5 51. Ra7 Kf8 52. Kd4 Re2 53. f4 Re1
54. Ra5 Kf7 55. Re5 Ra1 56. Re3 Ra4+ 57. Ke5 Ra5+ 58. Ke4 Kf6 59. Rd3 Ra4+ 60.
Rd4 Ra6 61. Kf3 Ra3+ 62. Kg2 Ra6 63. Rd5 Rb6 64. Rg5 Rb2+ 65. Kh3 Rb3 66. Rd5
Rb6 1/2-1/2

[Event "Mondiale Semilampo FIDE 2024"]
[Site "New York"]
[Date "26.12.2024"]
[Round "3.25"]
[White "Salem, A.R. Saleh"]
[Black "Woodward, Andy"]
[Result "0-1"]
[WhiteTitle "GM"]
[BlackTitle "GM"]
[WhiteElo "2622"]
[BlackElo "2530"]
[WhiteFideId "9301348"]
[BlackFideId "30953499"]
[EventDate "26.12.2024"]

1. d4 Nf6 2. c4 g6 3. Nc3 d5 4. cxd5 Nxd5 5. e4 Nxc3 6. bxc3 Bg7 7. Bc4 c5 8.
Ne2 Nc6 9. Be3 O-O 10. O-O e6 11. Rc1 b6 12. Qd2 Bb7 13. Rfd1 Na5 14. Bd3 Rc8
15. Bg5 Qd7 16. e5 cxd4 17. cxd4 Rxc1 18. Rxc1 Rc8 19. Rxc8+ Qxc8 20. h4 Ba6 21.
Bxa6 Qxa6 22. h5 Qc4 23. Ng3 Nc6 24. Be3 f5 25. exf6 Bxf6 26. hxg6 hxg6 27. Ne2
Kf7 28. f3 b5 29. Kh2 b4 30. Bf2 a5 31. Qf4 e5 32. Qe4 exd4 33. Nf4 Ne7 34. Kh3
Qxa2 35. Bh4 g5 36. Qh7+ Ke8 37. Qh6 Qf7 38. Nh5 Ng8 39. Nxf6+ Qxf6 40. Qh5+ Kd7
41. Bxg5 Qf5+ 42. Kh2 b3 43. Qh4 Qd5 44. Qg4+ Kc6 45. Qc8+ Kb5 46. Qe8+ Kc4 47.
Bc1 Nf6 48. Qe2+ d3 49. Qe1 Kb5 50. Qc3 Nd7 51. f4 Nc5 52. Bd2 Kc6 53. Qxa5 b2
54. Qa8+ Nb7 55. Qe8+ Kc7 56. Qe7+ Kc8 57. Qb4 Qh5+ 58. Kg3 Qg6+ 59. Kf2 Qf6 60.
Ke3 Qe6+ 61. Kf3 Qe2+ 62. Kg3 b1=Q 63. Qxb1 Qxd2 64. Kh3 Qe3+ 65. g3 d2 66. Qf5+
Kc7 67. Qc2+ Nc5 68. f5 Qd4 69. Qd1 Qd3 70. f6 Ne4 71. Qg1 Ng5+ 0-1

[Event "Mondiale Semilampo FIDE 2024"]
[Site "New York"]
[Date "26.12.2024"]
[Round "3.26"]
[White "Zemlyanskii, Ivan"]
[Black "Robson, Ray"]
[Result "0-1"]
[WhiteTitle "GM"]
[BlackTitle "GM"]
[WhiteElo "2543"]
[BlackElo "2700"]
[WhiteFideId "24249971"]
[BlackFideId "2023970"]
[EventDate "26.12.2024"]

1. e4 e5 2. Nf3 Nc6 3. Bc4 Nf6 4. d3 Bc5 5. c3 d6 6. Bg5 h6 7. Bh4 a5 8. Nbd2
Ba7 9. a4 Qe7 10. O-O g5 11. Bg3 Nd7 12. Bb5 h5 13. h4 g4 14. Ne1 Nf8 15. d4 Bd7
16. Nc2 exd4 17. Bxc6 bxc6 18. Nxd4 Ng6 19. f4 gxf3 20. Nxf3 Ne5 21. Kh1 Rg8 22.
Ng5 O-O-O 23. Bf2 f6 24. Ngf3 Nxf3 25. Qxf3 Rg4 26. Rae1 Qe5 27. Qd3 Rdg8 28.
Rg1 Qf4 29. g3 Qxf2 30. Rg2 Qxe1+ 0-1

[Event "Mondiale Semilampo FIDE 2024"]
[Site "New York"]
[Date "26.12.2024"]
[Round "3.27"]
[White "Bai, Adelard"]
[Black "Gelfand, Boris"]
[Result "1/2-1/2"]
[WhiteTitle "IM"]
[BlackTitle "GM"]
[WhiteElo "2393"]
[BlackElo "2657"]
[WhiteFideId "16301188"]
[BlackFideId "2805677"]
[EventDate "26.12.2024"]

1. d4 Nf6 2. Nc3 d5 3. Bf4 e6 4. Nb5 Bb4+ 5. c3 Ba5 6. e3 O-O 7. Nf3 c6 8. Na3
Nbd7 9. Bd3 Bc7 10. O-O b6 11. Rc1 Bb7 12. Bxc7 Qxc7 13. c4 Rad8 14. cxd5 Nxd5
15. Nc4 c5 16. Qe2 Qb8 17. Rfd1 N5f6 18. dxc5 Nxc5 19. Bb1 Rxd1+ 20. Rxd1 Rd8
21. Rxd8+ Qxd8 22. Qd2 Qxd2 23. Nfxd2 Kf8 24. Bc2 Ke7 25. f3 Nd5 26. e4 Nb4 27.
Bb1 Nbd3 28. a3 b5 29. Bxd3 Nxd3 30. Na5 Ba8 31. b4 f5 32. exf5 exf5 33. Ndb3
Kf6 34. Nd4 a6 35. Ndc6 Bxc6 36. Nxc6 Ne1 37. Nb8 Nc2 38. Nxa6 Nxa3 39. Kf2 Ke5
40. Ke3 Nc4+ 41. Kd3 g5 42. Nc7 Nd6 43. g3 h6 44. Ke3 Nc4+ 45. Kd3 Nd6 1/2-1/2

[Event "Mondiale Semilampo FIDE 2024"]
[Site "New York"]
[Date "26.12.2024"]
[Round "3.28"]
[White "Svane, Rasmus"]
[Black "Rasulov, Vugar"]
[Result "1-0"]
[WhiteTitle "GM"]
[BlackTitle "GM"]
[WhiteElo "2628"]
[BlackElo "2504"]
[WhiteFideId "4657101"]
[BlackFideId "13402390"]
[EventDate "26.12.2024"]

1. Nf3 g6 2. d4 Bg7 3. e4 c6 4. Bd3 d5 5. exd5 cxd5 6. c3 Nc6 7. O-O Nf6 8. Bf4
O-O 9. Re1 Bf5 10. h3 Ne4 11. Qe2 Qb6 12. Na3 Rfe8 13. Rab1 e5 14. dxe5 Nxf2 15.
Qxf2 Qxf2+ 16. Kxf2 Bxd3 17. Rbd1 Be4 18. Nb5 Bxf3 19. gxf3 Rad8 20. Nc7 Re7 21.
Nxd5 Red7 22. c4 h6 23. Bxh6 Kf8 24. Bg5 Rc8 25. f4 b6 26. b3 Rb7 27. Rd2 Kg8
28. Red1 Bf8 29. Nf6+ Kg7 30. h4 Bc5+ 31. Kf3 Ne7 32. h5 gxh5 33. Nxh5+ Kg6 34.
Bxe7 1-0

[Event "Mondiale Semilampo FIDE 2024"]
[Site "New York"]
[Date "26.12.2024"]
[Round "3.29"]
[White "Meier, Georg"]
[Black "Jacobson, Brandon"]
[Result "0-1"]
[WhiteTitle "GM"]
[BlackTitle "GM"]
[WhiteElo "2599"]
[BlackElo "2583"]
[WhiteFideId "4675789"]
[BlackFideId "30901561"]
[EventDate "26.12.2024"]

1. Nf3 Nf6 2. g3 g6 3. Bg2 Bg7 4. O-O O-O 5. c4 d6 6. d4 Nbd7 7. Nc3 e5 8. e4
Re8 9. d5 Nc5 10. Ne1 a5 11. Nd3 b6 12. Nxc5 bxc5 13. a4 Nd7 14. Bd2 f5 15. Qe1
Nf6 16. f3 f4 17. gxf4 exf4 18. Bxf4 Nh5 19. Be3 g5 20. Qd2 h6 21. Rab1 Be5 22.
Ne2 Rf8 23. f4 gxf4 24. Nxf4 Qh4 25. Rf3 Nxf4 26. Rbf1 Ne2+ 27. Qxe2 Qxh2+ 0-1

[Event "Mondiale Semilampo FIDE 2024"]
[Site "New York"]
[Date "26.12.2024"]
[Round "3.30"]
[White "Hardaway, Brewington"]
[Black "Bluebaum, Matthias"]
[Result "1/2-1/2"]
[WhiteTitle "IM"]
[BlackTitle "GM"]
[WhiteElo "2499"]
[BlackElo "2650"]
[WhiteFideId "30941849"]
[BlackFideId "24651516"]
[EventDate "26.12.2024"]

1. Nf3 d5 2. g3 Nf6 3. Bg2 e6 4. O-O Bd6 5. c4 O-O 6. d4 Nc6 7. b3 dxc4 8. bxc4
e5 9. c5 Be7 10. dxe5 Qxd1 11. Rxd1 Ne4 12. Be3 Bxc5 13. Bxc5 Nxc5 14. Nc3 Be6
15. Nb5 Rad8 16. Rxd8 Rxd8 17. Nxc7 Bc4 18. Rc1 Bxe2 19. Ne1 Rd1 20. Rxd1 Bxd1
21. f4 Kf8 22. Kf2 f6 23. exf6 gxf6 24. Ke3 Ke7 25. Nd5+ Kf7 26. h3 Ke6 27. g4
Ba4 28. Nc3 Na5 29. Kd4 Kd6 30. Nxa4 Nxa4 31. Be4 Nc6+ 32. Kc4 b5+ 33. Kd3 Nc5+
34. Ke3 Nxe4 35. Kxe4 Nb4 36. a3 Nd5 37. Nc2 a5 38. h4 b4 39. axb4 axb4 40. Nd4
Nc3+ 41. Kd3 Kd5 42. g5 Ne4 43. Nc2 Nc5+ 44. Ke3 b3 45. Na3 fxg5 46. fxg5 Ne6
47. Kd3 Ke5 48. Kc3 Kf4 49. Kxb3 Kg4 50. Nc4 Kxh4 51. g6 h5 52. Kc3 Kg5 53. Kd3
Kxg6 54. Ke3 Kg5 55. Kf3 Nd4+ 56. Kg3 Ne2+ 57. Kf3 Nd4+ 58. Kg3 h4+ 59. Kh3 Ne6
60. Ne5 Nf4+ 61. Kh2 h3 62. Nd3 Kg4 63. Nxf4 Kxf4 64. Kxh3 Ke5 1/2-1/2

[Event "Mondiale Semilampo FIDE 2024"]
[Site "New York"]
[Date "26.12.2024"]
[Round "3.31"]
[White "Caruana, Fabiano"]
[Black "Brodsky, David"]
[Result "1-0"]
[WhiteTitle "GM"]
[BlackTitle "GM"]
[WhiteElo "2805"]
[BlackElo "2538"]
[WhiteFideId "2020009"]
[BlackFideId "2073250"]
[EventDate "26.12.2024"]

1. e4 c5 2. Nf3 d6 3. Bb5+ Bd7 4. c4 Nf6 5. Nc3 g6 6. O-O Bg7 7. Bxd7+ Qxd7 8.
d4 cxd4 9. Qxd4 O-O 10. Qd3 Na6 11. Bg5 Rac8 12. b3 Nc5 13. Qe2 h6 14. Bd2 Qe6
15. Rae1 Rfd8 16. h3 a6 17. Nd4 Qd7 18. Rd1 e6 19. Nf3 Qc6 20. Rfe1 d5 21. Ne5
Qe8 22. exd5 exd5 23. Qf3 Nce4 24. Ng4 Qc6 25. Nxh6+ Bxh6 26. Bxh6 Nxc3 27. Qxc3
dxc4 28. Rxd8+ Rxd8 29. bxc4 b5 30. c5 Rd5 31. Re5 b4 32. Qf3 Kh7 33. Bg5 Qxc5
34. Qxf6 1-0

[Event "Mondiale Semilampo FIDE 2024"]
[Site "New York"]
[Date "26.12.2024"]
[Round "3.32"]
[White "Le, Tuan Minh"]
[Black "Firouzja, Alireza"]
[Result "0-1"]
[WhiteTitle "GM"]
[BlackTitle "GM"]
[WhiteElo "2598"]
[BlackElo "2763"]
[WhiteFideId "12401153"]
[BlackFideId "12573981"]
[EventDate "26.12.2024"]

1. d4 Nf6 2. c4 e6 3. Nf3 d5 4. Nc3 Bb4 5. Qa4+ Nc6 6. e3 O-O 7. Qc2 b6 8. Bd2
Bb7 9. a3 Bd6 10. Rc1 a6 11. Be2 h6 12. O-O Re8 13. h3 dxc4 14. Bxc4 e5 15. d5
Ne7 16. e4 b5 17. Ba2 Bc8 18. Ne2 Bd7 19. Ng3 Ng6 20. Rfe1 a5 21. Nf5 Bxf5 22.
exf5 Nf4 23. Bxf4 exf4 24. Qd3 Qd7 25. Nd4 b4 26. axb4 Bxb4 27. Red1 Re4 28. Qf3
Rae8 29. Bb1 R4e5 30. Ba2 Ne4 31. Qxf4 Bd6 32. Qg4 Qa4 33. Bc4 Nf6 34. Qf3 Qxc4
35. Nc6 Qxc1 36. Nxe5 Qxb2 37. Nc4 Qb4 0-1

[Event "Mondiale Semilampo FIDE 2024"]
[Site "New York"]
[Date "26.12.2024"]
[Round "3.33"]
[White "Lou, Yiping"]
[Black "Esipenko, Andrey"]
[Result "1/2-1/2"]
[WhiteTitle "IM"]
[BlackTitle "GM"]
[WhiteElo "2459"]
[BlackElo "2682"]
[WhiteFideId "8603928"]
[BlackFideId "24175439"]
[EventDate "26.12.2024"]

1. Nf3 d5 2. g3 Nf6 3. Bg2 e6 4. O-O Be7 5. c4 O-O 6. b3 b6 7. cxd5 Nxd5 8. Bb2
Bb7 9. d4 Nd7 10. Nc3 c5 11. Rc1 Rc8 12. Nxd5 Bxd5 13. Qd3 cxd4 14. Bxd4 Rxc1
15. Rxc1 Nc5 16. Qc3 f6 17. Bxc5 Bxc5 18. Ne1 Bxg2 19. Kxg2 Qd7 20. Qf3 Rc8 21.
Nd3 Bd6 22. Rxc8+ Qxc8 23. Qe4 g6 24. h4 Kg7 25. a4 a6 26. Nb2 b5 27. axb5 axb5
28. Nd3 h5 29. Nf4 Bxf4 30. Qxf4 e5 31. Qe4 Qd7 32. b4 Kf7 33. e3 Kg7 1/2-1/2

[Event "Mondiale Semilampo FIDE 2024"]
[Site "New York"]
[Date "26.12.2024"]
[Round "3.34"]
[White "Vakhidov, Jakhongir"]
[Black "Anton Guijarro, David"]
[Result "1/2-1/2"]
[WhiteTitle "GM"]
[BlackTitle "GM"]
[WhiteElo "2546"]
[BlackElo "2673"]
[WhiteFideId "14201801"]
[BlackFideId "2285525"]
[EventDate "26.12.2024"]

1. c4 e5 2. Nc3 Bb4 3. Nd5 Be7 4. d4 d6 5. e4 Nf6 6. Nxe7 Qxe7 7. f3 exd4 8.
Qxd4 Nc6 9. Qc3 O-O 10. Ne2 a5 11. Be3 Nd7 12. Nf4 Qh4+ 13. g3 Qd8 14. Be2 Nc5
15. O-O b6 16. g4 Be6 17. Rad1 Qe7 18. b3 Ne5 19. Bd4 c6 20. Bxe5 dxe5 21. Qxe5
Rad8 22. Rxd8 Rxd8 23. Rd1 Rxd1+ 24. Bxd1 Qd8 25. Be2 h6 26. Nh5 f6 27. Qc3 Qd6
28. Kg2 Kf7 29. Qe3 g6 30. Nf4 g5 31. Nh5 Qe5 32. Qd2 Ke7 33. b4 Nd7 34. a3 axb4
35. axb4 c5 36. bxc5 bxc5 37. Ng3 Qd4 38. Qa2 Qd6 39. Qa8 Qb8 40. Qa5 Qb6 41.
Qd2 Qd6 42. Qa2 Qb8 43. Nf1 Ne5 44. Ne3 Ng6 45. Kg1 Nf4 46. Bf1 Kf7 47. Nd5 Bxd5
48. cxd5 Ke7 49. Qa6 Qd6 50. Qb7+ Qd7 51. Qb8 Qd6 52. Qa7+ Kd8 53. Bb5 Ng6 54.
Qa8+ Kc7 55. Qa5+ Kc8 56. Qa8+ Kc7 57. Qa7+ Kd8 58. Qa5+ Kc8 59. Ba6+ Kd7 60.
Qb5+ Kd8 61. Qb7 Ne5 62. Qc8+ Ke7 63. Bb5 Kf7 64. Kg2 Kg7 65. Qb7+ Kf8 66. Qa8+
Kg7 67. Qa7+ Kf8 68. Qh7 Nf7 69. Qf5 Qb6 70. Qd7 Kg7 71. Qc6 Qa7 72. d6 Qa2+ 73.
Kg3 Qd2 74. Qxc5 Qf4+ 75. Kg2 Qd2+ 76. Kg1 Qxd6 77. Qa7 Kf8 78. Qa8+ Kg7 79. Qa7
Kf8 80. Bc4 Qd1+ 81. Kf2 Qc2+ 82. Be2 1/2-1/2

[Event "Mondiale Semilampo FIDE 2024"]
[Site "New York"]
[Date "26.12.2024"]
[Round "3.35"]
[White "Gagunashvili, Merab"]
[Black "Grigoryan, Karen H."]
[Result "0-1"]
[WhiteTitle "GM"]
[BlackTitle "GM"]
[WhiteElo "2541"]
[BlackElo "2618"]
[WhiteFideId "13601652"]
[BlackFideId "13301004"]
[EventDate "26.12.2024"]

1. d4 Nf6 2. c4 g6 3. g3 Bg7 4. Bg2 O-O 5. Nc3 d6 6. Nf3 Nc6 7. O-O a6 8. Bf4
Rb8 9. Rc1 Bd7 10. d5 Na5 11. b3 b5 12. cxb5 axb5 13. Nd4 b4 14. Nb1 e5 15. dxe6
fxe6 16. Nc6 Nxc6 17. Bxc6 Bxc6 18. Rxc6 Nd5 19. Bd2 Qd7 20. Rc2 c5 21. e4 Ne7
22. Be3 Qc7 23. Nd2 Nc6 24. Qg4 Qf7 25. f4 Nd4 26. Bxd4 Bxd4+ 27. Kg2 Rbe8 28.
Qe2 Qb7 29. Nf3 Bc3 30. a3 d5 31. axb4 cxb4 32. e5 d4 33. Qc4 Re7 34. Kg1 Rc8
35. Qd3 Qd5 36. Rb1 Ra7 37. Nd2 Kg7 38. Ne4 Rca8 39. Nf6 Qb7 40. Ne4 Ra1 41.
Rxa1 Rxa1+ 42. Kf2 Qd5 43. Re2 Qxb3 44. g4 Be1+ 0-1

[Event "Mondiale Semilampo FIDE 2024"]
[Site "New York"]
[Date "26.12.2024"]
[Round "3.36"]
[White "Akobian, Varuzhan"]
[Black "Ghosh, Diptayan"]
[Result "1-0"]
[WhiteTitle "GM"]
[BlackTitle "GM"]
[WhiteElo "2564"]
[BlackElo "2569"]
[WhiteFideId "13300580"]
[BlackFideId "5045207"]
[EventDate "26.12.2024"]

1. d4 Nf6 2. c4 e6 3. Nf3 d5 4. cxd5 exd5 5. Nc3 Nbd7 6. Bg5 h6 7. Bh4 Be7 8. e3
c6 9. Bd3 O-O 10. Qc2 Re8 11. O-O Ne4 12. Bxe7 Qxe7 13. Rab1 Ndf6 14. b4 Bf5 15.
a4 a5 16. b5 Rac8 17. Qb2 Nxc3 18. Bxf5 Nxb1 19. Bxc8 Na3 20. Bf5 cxb5 21. axb5
Nc4 22. Qb3 Qa3 23. Qxa3 Nxa3 24. Ra1 Nc4 25. Kf1 b6 26. Ke2 Kf8 27. Bd3 Rc8 28.
Rc1 Nd6 29. Rxc8+ Nxc8 30. Nd2 Nd6 31. Nb1 Nfe8 32. Nc3 Nc7 33. g4 Ke7 34. f3 f6
35. h4 g5 36. h5 Kd7 37. e4 Ke7 38. Ke3 Ke6 39. Be2 Ke7 40. Bf1 Ke6 41. Bd3 Ke7
42. Na4 dxe4 43. fxe4 Ncxb5 44. Bxb5 Nxb5 45. Nxb6 Nc7 46. Kd3 Nb5 47. Nd5+ Ke6
48. Ne3 a4 49. Nf5 a3 50. Kc2 a2 51. Kb2 Nc3 52. Nxh6 Nxe4 53. Nf5 Kf7 54. d5
Nf2 1-0

[Event "Mondiale Semilampo FIDE 2024"]
[Site "New York"]
[Date "26.12.2024"]
[Round "3.37"]
[White "Indjic, Aleksandar"]
[Black "Tsaruk, Maksim"]
[Result "0-1"]
[WhiteTitle "GM"]
[BlackTitle "IM"]
[WhiteElo "2647"]
[BlackElo "2424"]
[WhiteFideId "911925"]
[BlackFideId "13511173"]
[EventDate "26.12.2024"]

1. d4 f5 2. Bg5 h6 3. Bh4 g5 4. e3 Bg7 5. Qh5+ Kf8 6. Bg3 c5 7. Be5 cxd4 8.
Bxg7+ Kxg7 9. exd4 Nf6 10. Qd1 Qb6 11. Nc3 Nc6 12. Nge2 f4 13. Qd2 d5 14. h4 Bf5
15. O-O-O Nb4 16. Nxf4 gxf4 17. Qxf4 Bxc2 18. Re1 Be4 19. a3 Na2+ 0-1

[Event "Mondiale Semilampo FIDE 2024"]
[Site "New York"]
[Date "26.12.2024"]
[Round "3.38"]
[White "Antipov, Mikhail Al."]
[Black "Matviishen, Viktor"]
[Result "1-0"]
[WhiteTitle "GM"]
[BlackTitle "GM"]
[WhiteElo "2594"]
[BlackElo "2566"]
[WhiteFideId "4107012"]
[BlackFideId "14129850"]
[EventDate "26.12.2024"]

1. e4 c5 2. Nf3 d6 3. d4 cxd4 4. Nxd4 Nf6 5. Nc3 a6 6. Bg5 Nbd7 7. Bc4 Qb6 8.
Bb3 e6 9. Bxf6 Nxf6 10. Qd2 Be7 11. O-O-O O-O 12. f4 Nd7 13. g4 Nc5 14. g5 a5
15. a4 Bd7 16. Kb1 Qb4 17. Qg2 Rfc8 18. f5 Nxb3 19. cxb3 Rxc3 20. bxc3 Qxc3 21.
Rhf1 e5 22. f6 Bh3 23. Qf3 exd4 24. Qxc3 dxc3 25. fxe7 f6 26. Rxd6 Re8 27. Rd8
Kf7 28. gxf6 Bxf1 29. fxg7 Kxg7 30. Rxe8 Bd3+ 31. Kc1 Kf7 32. Rd8 1-0

[Event "Mondiale Semilampo FIDE 2024"]
[Site "New York"]
[Date "26.12.2024"]
[Round "3.39"]
[White "Shimanov, Aleksandr"]
[Black "Samadov, Read"]
[Result "1-0"]
[WhiteTitle "GM"]
[BlackTitle "IM"]
[WhiteElo "2593"]
[BlackElo "2501"]
[WhiteFideId "4198603"]
[BlackFideId "13417444"]
[EventDate "26.12.2024"]

1. Nf3 Nf6 2. b3 g6 3. Bb2 Bg7 4. g3 d6 5. d4 b5 6. Nbd2 Bb7 7. c4 bxc4 8. Nxc4
Nbd7 9. Bg2 O-O 10. O-O c5 11. dxc5 Nxc5 12. b4 Ncd7 13. Na5 Be4 14. Rc1 Qb6 15.
a3 Rac8 16. Qd4 Qb8 17. Bh3 Rxc1 18. Rxc1 Nb6 19. Qd2 Bd5 20. Nd4 Ne4 21. Qe3
Qe8 22. Rc7 Qa4 23. Qc1 e6 24. Bf1 a6 25. f3 Nf6 26. e4 Nxe4 27. fxe4 Bxe4 28.
Nxe6 Nd5 29. Ra7 Re8 30. Nxg7 Rd8 31. Ne6 fxe6 32. Qh6 1-0

[Event "Mondiale Semilampo FIDE 2024"]
[Site "New York"]
[Date "26.12.2024"]
[Round "3.40"]
[White "Zarnicki, Pablo"]
[Black "Bu, Xiangzhi"]
[Result "1/2-1/2"]
[WhiteTitle "GM"]
[BlackTitle "GM"]
[WhiteElo "2514"]
[BlackElo "2684"]
[WhiteFideId "100137"]
[BlackFideId "8601445"]
[EventDate "26.12.2024"]

1. e4 e5 2. Nf3 Nc6 3. Nc3 Nf6 4. d4 Bb4 5. Nxe5 Qe7 6. Qd3 Nxe5 7. dxe5 Qxe5 8.
Bd2 O-O 9. O-O-O Bxc3 10. Bxc3 Qf4+ 11. Rd2 Qxe4 12. Bxf6 Qxd3 13. Rxd3 gxf6 14.
Rg3+ Kh8 15. Rf3 Kg7 16. Rg3+ Kh8 17. Rf3 Kg7 1/2-1/2

[Event "Mondiale Semilampo FIDE 2024"]
[Site "New York"]
[Date "26.12.2024"]
[Round "3.41"]
[White "Volokitin, Andrei"]
[Black "Zhalmakhanov, Ramazan"]
[Result "1-0"]
[WhiteTitle "GM"]
[BlackTitle "GM"]
[WhiteElo "2649"]
[BlackElo "2486"]
[WhiteFideId "14107090"]
[BlackFideId "13706357"]
[EventDate "26.12.2024"]

1. e4 e5 2. Nf3 Nc6 3. Bc4 Nf6 4. d3 h6 5. c3 d6 6. a4 g6 7. Qb3 Qe7 8. a5 Bg7
9. O-O O-O 10. Re1 Kh7 11. Nbd2 Nh5 12. a6 b6 13. Bd5 Bd7 14. d4 Rac8 15. dxe5
dxe5 16. Qc2 Nd8 17. b3 Ne6 18. Ba3 c5 19. Nc4 Nef4 20. Bb7 Rc7 21. Ne3 f5 22.
g3 Nh3+ 23. Kg2 fxe4 24. Bxe4 Qf7 25. Rf1 Nf6 26. Nxe5 Nxe4 27. Nxf7 Nexf2 28.
Rxf2 Nxf2 29. Qxf2 Bc6+ 30. Kg1 Rcxf7 31. Qc2 Re8 32. Re1 Rd7 33. Ng2 Rf8 34.
Nf4 Rf6 35. Bb2 Rfd6 36. c4 Bxb2 37. Qxb2 g5 38. Qc2+ Kg8 39. Nd5 1-0

[Event "Mondiale Semilampo FIDE 2024"]
[Site "New York"]
[Date "26.12.2024"]
[Round "3.42"]
[White "Rakhmanov, Aleksandr"]
[Black "Suleymenov, Alisher"]
[Result "1-0"]
[WhiteTitle "GM"]
[BlackTitle "GM"]
[WhiteElo "2585"]
[BlackElo "2500"]
[WhiteFideId "4173708"]
[BlackFideId "13707833"]
[EventDate "26.12.2024"]

1. c4 Nf6 2. Nc3 g6 3. g3 Bg7 4. Bg2 c5 5. e3 O-O 6. Nge2 e6 7. Nf4 Nc6 8. O-O
d6 9. d3 e5 10. Nfd5 Nxd5 11. cxd5 Nb8 12. h3 Nd7 13. Bd2 Rb8 14. Rb1 b5 15. b4
cxb4 16. Rxb4 Nc5 17. d4 exd4 18. exd4 Nd3 19. Rb3 b4 20. Ne2 Ba6 21. Be4 Nxf2
22. Rxf2 Bxe2 23. Rxe2 Bxd4+ 24. Kg2 Bc5 25. Bh6 Re8 26. Rf3 Rb7 27. h4 Qb6 28.
Bxg6 Rxe2+ 29. Qxe2 hxg6 30. Qe8+ Kh7 31. Bg5 Qc7 32. h5 Bd4 33. hxg6+ fxg6 34.
Rf4 Rb8 35. Rh4+ Kg7 36. Bh6+ Kh7 37. Be3+ 1-0